Tax planning for you and your family. / (Record no. 6290)

MARC details
000 -LEADER
fixed length control field 01320nam a22001577a 4500
008 - FIXED-LENGTH DATA ELEMENTS--GENERAL INFORMATION
fixed length control field 170220b xxu||||| |||| 00| 0 eng d
020 ## - INTERNATIONAL STANDARD BOOK NUMBER
International Standard Book Number 9780779851515
050 ## - LIBRARY OF CONGRESS CALL NUMBER
Classification number KE5759.T27
245 ## - TITLE STATEMENT
Title Tax planning for you and your family. /
Statement of responsibility, etc. edited by Carol Bethune.
260 ## - PUBLICATION, DISTRIBUTION, ETC.
Place of publication, distribution, etc. Toronto:
Name of publisher, distributor, etc. KPMG,
Date of publication, distribution, etc. 2012.
300 ## - PHYSICAL DESCRIPTION
Extent v, 363p. :
Other physical details ill. ;
Dimensions 23cm.
500 ## - GENERAL NOTE
General note Includes index.
505 ## - FORMATTED CONTENTS NOTE
Formatted contents note Contents: Tips for achieving your financial goals -- Tips for claiming tax deductions and credits -- RRSPs and other tax-assisted retirement plans -- TFSAs and other tax-assisted savings plans -- Reducing your family tax's bill through income splitting -- Capital gains and losses -- Investments -- Charitable donations -- Dealing with the tax collectors -- If you are employed -- If you are self-employed -- If you use automobile for business -- If you are moving -- If you have your own corporation -- Farming -- If you practise a profession -- If you live in Quebec -- If you are a US citizen in Canada -- If you visit, work or own property in the US -- Planning for your retirement -- Estate planning -- If you are an executor or estate trustee -- Appendix i: Federal and provincial income tax ratess and brackets for 2012 -- Appendix ii: Federal and provincial tax credits for 2012.
700 ## - ADDED ENTRY--PERSONAL NAME
Personal name Bethune, Carol.
942 ## - ADDED ENTRY ELEMENTS (KOHA)
Source of classification or shelving scheme Library of Congress Classification
Koha item type Books
Holdings
Withdrawn status Lost status Source of classification or shelving scheme Damaged status Not for loan Home library Current library Shelving location Date acquired Total Checkouts Full call number Barcode Date last seen Copy number Price effective from Koha item type
    Library of Congress Classification     WISCONSIN INTERNATIONAL UNIVERSITY COLLEGE, GHANA - MAIN LIBRARY WISCONSIN INTERNATIONAL UNIVERSITY COLLEGE, GHANA - MAIN LIBRARY Reference 20/02/2017   KE5759.T27 8151/113/16 20/02/2017 1 20/02/2017 Books

If you have any concerns or questions; kindly contact the library


© Powered by WIUC ICT DIRECTORATE